000 01328nam a22002537a 4500
005 20090217105349.0
008 090212t xxu||||| |||| 00| 0 eng d
010 _aTEL-4998
020 _cRs.100.00
035 _aTL-4005
037 _bDBAD / PUB
040 _adpl
_bTelugu
082 _a616.7205
100 _aవెంకటరావు, సి.యల్.
245 _aకీళ్ళ నొప్పులు, మో కాళ్ళ నొప్పులు
_c/ సి.యల్. వెంకటరావు
246 _aKeella noppulu, mokaalla noppulu
_bC.L.Venkatarao
260 _aహైదరాబాద్
_bనిహిల్ పబ్లికేషన్స్
_c2007
270 _aప్లాట్ నెం. 201, సెకండ్ ప్లోర్, యస్.యస్.ప్రశాంతి రెసిడెన్సి, ఎల్లారెడ్డి గూడ
_bహైదరాబాద్
_e500073
300 _a223పే.
_c23 సె.మీ.
650 _aమోకాళ్ళు
_xవ్యాధులు - నివారణ
650 _aJoints
_xDiseases - Treatment
942 _2ddc
_cTL
_h616.7205
_m/VEN
999 _c23932
_d23932